Alle Baltischen Flaggen - Plötzlicher Tod - Statistiken

Allgemein
  • Dieses Quiz wurde 446 mal gespielt
  • Das Durchschnittsergebnis liegt bei 5 aus 9
Answers on the Grid
Answers color-coded by a green-red scale on the quiz's grid according to % correct below.
 
Antwortstatistiken
Antwort % Korrekt
81%
80%
78%
62%
55%
53%
49%
47%
40%
Keine übereinstimmenden Quizze gefunden
Verteilung der Resultate
Anzahl Personen mit jedem Resultat
Perzentil nach korrekt beantworteten Fragen
Ihre Resultats-Entwicklung
Sie haben dieses Quiz noch nicht gespielt